Clasificaciones de los Países Bajos en la Eurocopa - Estadísticas

Estadísticas generales
  • Esta prueba ha sido intentada 9 veces
    7 desde el último reinicio
  • La puntuación promedio es 4 de 11
Estadísticas de respuestas
Hint Respuesta % Correcto
2020 Octavos de final
71%
1996 Cuartos de final
43%
2008 Cuartos de final
43%
1980 Fase de grupos
43%
2012 Fase de grupos
43%
1992 Semifinal
43%
2024 Semifinal
43%
1988 Ganador
29%
2000 Semifinal
29%
2004 Semifinal
29%
1976 Tercer puesto
14%
No se encontraron pruebas coincidentes
Distribución de puntuación
Porcentaje de gente con cada puntuación
Porcentaje por número respondido
Historial de tus puntuaciones
No has intentado esta prueba desde el último reinicio